000 00615nam a2200241 a 4500
001 0001-1300
003 ELIB.Books
008 150706 2010 eng
020 _a0310214890
035 _a(ELIB.Books)0001-1455
092 _a242
_bSta
100 _aStanley, Charles
245 _aA Touch of His Goodness
260 _aGrand Rapids
_bZondervan Publishing House
_c1998
300 _a155
_c21.5 Cm
500 _aLibrary
650 _aDevotional Literature
856 _nKBTS: Library
_uKBTS: Elib
942 _2ddc
_cBK
990 _a1
998 _cbat
_e2015-07-06
999 _c11300
_d11300